000 00743nam a2200241 a 4500
001 000039821
005 20240412074300.0
008 130723s2013 dr r 000 p spa d
020 _a9789945854497
040 _aDO-SdBNP
_bspa
_cBNPHU
082 _aRD861.44
_bR789e
100 1 _aRosario, Bergson
_91182
245 1 0 _aEn la virginidad de una historia... /
_cBergson Rosario.
260 _aSanto Domingo :
_bBuho,
_c2013.
300 _a62 p.
490 1 _aPoesía
500 _aIncluye datos biogróficos del autor en la solapa de la cubierta.
590 _aInventariado, 2018/BT
650 0 _aPoesía dominicana
_966
650 0 _aLiteratura dominicana.
_967
830 0 _aPoesía
_91183
910 _aValidado. Control de calidad. MFF
999 _c39311
_d39311